| 000 | 00905nam a2200241 cc4500 | ||
|---|---|---|---|
| 001 | 000030470 | ||
| 003 | RuMoIPM | ||
| 005 | 20260504124747.0 | ||
| 008 | 170904s1974 ru a||||||||||||||||rus d | ||
| 035 | _a(RuMoBEN) 001793069 | ||
| 035 | _a(RuMoBEN-CBP Bibliobus) 109368 | ||
| 040 |
_aRuMoBEN _brus _ercr |
||
| 041 | _arus | ||
| 044 | _aru | ||
| 080 | _a517(075) | ||
| 245 | 0 | 0 |
_aЧ. 2 _bМатематический анализ _cК. К. Пономарев |
| 260 | _c1974 | ||
| 300 |
_a415 с. _bчерт. |
||
| 504 | _aПредм. указ.: с. 412-415 | ||
| 700 | 1 | _aПономарев, Кирилл Константинович | |
| 773 |
_tКурс высшей математики для техников-программистов: [учебное пособие для техникумов] : [В 2 ч.] _dМосква: Высшая школа, 1974- _w000030409 _gЧ. 2 |
||
| 942 | _cBK | ||
| 999 |
_c30470 _d30470 |
||